Islas que componen las Islas Menores de los Estados Unidos - Estadísticas

Estadísticas generales
  • Esta prueba ha sido intentada 4 veces
  • La puntuación promedio es 5 de 9
Estadísticas de respuestas
Isla/Atolón/Arrecife % Correcto
Atolón Midway
100%
Isla Navaza
100%
Arrecife Kingman
50%
Atolón Johnston
50%
Atolón Palmyra
50%
Isla Baker
50%
Isla Wake
50%
Isla Howland
0%
Isla Jarvis
0%
No se encontraron pruebas coincidentes
Distribución de puntuación
Porcentaje de gente con cada puntuación
Porcentaje por número respondido
Historial de tus puntuaciones
No has intentado esta prueba.